[Event "Wch U12"]
[Site "Maribor"]
[Date "2012.11.12"]
[Round "5.17"]
[White "Bratkovic, Jakob"]
[Black "Moy, Kevin"]
[Result "1-0"]
[WhiteElo "1929"]
[BlackElo "2052"]
[PlyCount "85"]
[EventDate "2012.11.08"]
[EventType "swiss"]
[EventRounds "11"]
[EventCountry "SLO"]
[SourceTitle "EXT 2013"]
[Source "ChessBase"]
[SourceDate "2012.11.22"]
[SourceVersion "1"]
[SourceVersionDate "2012.11.22"]
[SourceQuality "1"]

1. e4 c5 2. Nf3 d6 3. d4 cxd4 4. Nxd4 Nf6 5. Nc3 a6 6. Be3 Ng4 7. Bg5 h6 8. Bh4 g5 9. Bg3 Bg7 10. h3 Ne5 11. Qd2 Nbc6 12. 0-0-0 Qa5 13. Kb1 0-0 14. Nb3 Qc7 15. Nd5 Qd8 16. f4 gxf4 17. Bxf4 Kh7 18. g4 e6 19. Nc3 Qh4 20. Be2 Rd8 21. Rdg1 Ng6 22. Bg3 Qg5 23. Qe1 Qe3 24. Bf2 Bxc3 25. Bxe3 Bxe1 26. Rxe1 b5 27. Bb6 Rd7 28. Rd1 Nf4 29. Bd3 e5 30. Be3 Ne6 31. Be2 Ne7 32. Bf3 Bb7 33. Na5 Nd8 34. Nxb7 Nxb7 35. h4 Kg6 36. h5+ Kg7 37. g5 hxg5 38. Bxg5 f6 39. Bh4 Ng8 40. Rhg1+ Kh7 41. Bg4 Rdd8 42. Bf5+ Kh6 43. Rg6+ 1-0

[Event "Wch U12"]
[Site "Maribor"]
[Date "2012.11.09"]
[Round "2.15"]
[White "Moy, Kevin"]
[Black "Nguyen, Dang Hong Phuc"]
[Result "1/2-1/2"]
[WhiteElo "2052"]
[BlackElo "1848"]
[PlyCount "70"]
[EventDate "2012.11.08"]
[EventType "swiss"]
[EventRounds "11"]
[EventCountry "SLO"]
[SourceTitle "EXT 2013"]
[Source "ChessBase"]
[SourceDate "2012.11.22"]
[SourceVersion "1"]
[SourceVersionDate "2012.11.22"]
[SourceQuality "1"]

1. d4 Nf6 2. c4 g6 3. Nc3 Bg7 4. e4 d6 5. Nf3 0-0 6. Be2 e5 7. 0-0 Nc6 8. d5 Ne7 9. Ne1 Nd7 10. Nd3 f5 11. f3 f4 12. g4 g5 13. Bd2 Ng6 14. Be1 Nf6 15. h3 Ne8 16. Kg2 Bf6 17. b4 Bd7 18. Qb3 Kg7 19. Rc1 Rh8 20. Rh1 Qe7 21. c5 Qf8 22. Bf2 Bd8 23. b5 Bc8 24. Qa4 h5 25. cxd6 cxd6 26. b6 a6 27. Qa5 Rb8 28. Nb5 Bd7 29. Nc7 Rc8 30. Ne6+ Bxe6 31. dxe6 Rxc1 32. Rxc1 hxg4 33. fxg4 f3+ 34. Bxf3 Rxh3 35. Bg3 Nh4+ 1/2-1/2

[Event "Wch U12"]
[Site "Maribor"]
[Date "2012.11.08"]
[Round "1.20"]
[White "Tan, Yong Zhao"]
[Black "Moy, Kevin"]
[Result "0-1"]
[WhiteElo "1688"]
[BlackElo "2052"]
[PlyCount "104"]
[EventDate "2012.11.08"]
[EventType "swiss"]
[EventRounds "11"]
[EventCountry "SLO"]
[SourceTitle "EXT 2013"]
[Source "ChessBase"]
[SourceDate "2012.11.22"]
[SourceVersion "1"]
[SourceVersionDate "2012.11.22"]
[SourceQuality "1"]

1. e4 c5 2. Nf3 d6 3. d4 cxd4 4. Nxd4 Nf6 5. Nc3 a6 6. Bg5 e6 7. f4 Be7 8. Qf3 Qc7 9. 0-0-0 Nbd7 10. g4 b5 11. h4 Bb7 12. a3 Nc5 13. Bd3 Rc8 14. Kb1 Qb6 15. Bxf6 Bxf6 16. g5 Bxd4 17. Ne2 Nxd3 18. Rxd3 Bc5 19. b4 Bxb4 20. axb4 Rc4 21. Ng3 Rxb4+ 22. Rb3 Rxb3+ 23. cxb3 0-0 24. Rc1 d5 25. exd5 Bxd5 26. Qc3 b4 27. Qb2 Qe3 28. Nh5 Qxb3 29. Qxb3 Bxb3 30. Rc6 a5 31. Ra6 a4 32. Rb6 Rd8 33. Rxb4 Kf8 34. Kb2 Rd2+ 35. Kc3 Rh2 36. f5 Rh3+ 37. Kd2 exf5 38. Rb8+ Ke7 39. Nxg7 Be6 40. Rb7+ Kd6 41. Nxe6 Kxe6 42. Rb6+ Ke7 43. Rh6 a3 44. Kc2 f4 45. Rxh7 Kf8 46. h5 f3 47. Kd2 Rh2+ 48. Ke3 f2 49. Ke2 a2 50. Rh8+ Kg7 51. Ra8 a1Q 52. Rxa1 f1Q+ 0-1